Students`s guide to income tax including GST. (Record no. 7674)
[ view plain ]
| 000 -LEADER | |
|---|---|
| fixed length control field | 00405nam a22001457a 4500 |
| 008 - FIXED-LENGTH DATA ELEMENTS--GENERAL INFORMATION | |
| fixed length control field | 190225b ||||| |||| 00| 0 eng d |
| 020 ## - INTERNATIONAL STANDARD BOOK NUMBER | |
| International Standard Book Number | 9789388266765 |
| 082 ## - DEWEY DECIMAL CLASSIFICATION NUMBER | |
| Classification number | 336.2 S62s 2018 |
| 100 ## - MAIN ENTRY--PERSONAL NAME | |
| Personal name | Singhania, Vinod K. |
| 245 ## - TITLE STATEMENT | |
| Title | Students`s guide to income tax including GST. |
| 250 ## - EDITION STATEMENT | |
| Edition statement | 60th ed. |
| 260 ## - PUBLICATION, DISTRIBUTION, ETC. | |
| Place of publication, distribution, etc. | New Delhi ; |
| Name of publisher, distributor, etc. | Taxmann Publications, |
| Date of publication, distribution, etc. | 2018. |
| 300 ## - PHYSICAL DESCRIPTION | |
| Extent | vii, 919 p. |
| Dimensions | 28 cm. |
| 942 ## - Added entry Elements (Koha) | |
| Source of classification or shelving scheme | Dewey Decimal Classification |
| Withdrawn status | Lost status | Source of classification or shelving scheme | Damaged status | Not for loan | Collection code | Home library | Current library | Shelving location | Date acquired | Serial Enumeration / chronology | Total Checkouts | Total Renewals | Full call number | Barcode | Date last seen | Date last checked out | Price effective from | Koha item type |
|---|---|---|---|---|---|---|---|---|---|---|---|---|---|---|---|---|---|---|
| Dewey Decimal Classification | Main TEST | RTC Library | RTC Library | Main opac | 25/02/2019 | 13416 | 2 | 1 | 336.2 SIN | 30013365 | 08/07/2020 | 18/02/2020 | 25/02/2019 | Main | ||||
| Dewey Decimal Classification | Main TEST | RTC Library | RTC Library | Main opac | 25/02/2019 | 13415 | 5 | 6 | 336.2 SIN | 30013719 | 09/12/2019 | 14/11/2019 | 25/02/2019 | Main |